Guess the Mystery Song by Guessing Lyrics #4 - Statistics

General Stats
  • This quiz has been taken 63 times
    9 since last reset
  • The average score is 62 of 207
Answer Stats
Answer % Correct
a
100%
I
100%
And
88%
and
88%
he
88%
to
88%
you
88%
you,
88%
D,
75%
in
75%
me
75%
the
75%
love
63%
No,
63%
no,
63%
on
63%
just
50%
Nothin'
50%
nothin'
50%
of
50%
sky,
50%
up
50%
wrong,
50%
wrong
50%
ain't
38%
be
38%
can
38%
for
38%
her
38%
it
38%
my
38%
own
38%
cookin'
25%
don't
25%
Double
25%
goin'
25%
have
25%
know,
25%
know
25%
let
25%
this,
25%
this
25%
why
25%
been
13%
big
13%
breasts
13%
can't
13%
couldn't
13%
day
13%
dope
13%
Frank Ocean - Lost
13%
girl
13%
Girl,
13%
got
13%
Got
13%
here
13%
it's
13%
like
13%
so
13%
take
13%
wanna
13%
with
13%
would
13%
you're
13%
all
0%
Amsterdam,
0%
Angeles,
0%
another
0%
at
0%
baby
0%
believe
0%
Boss
0%
buttercream
0%
care
0%
caught?
0%
ever,
0%
ever
0%
family
0%
full
0%
get
0%
Hand
0%
heat
0%
India,
0%
I've
0%
lie
0%
Los
0%
lost,
0%
lost
0%
Lost,
0%
meals
0%
Miami,
0%
Now
0%
out
0%
plane
0%
promise
0%
really
0%
ride
0%
she'll
0%
She's
0%
shirt,
0%
short
0%
show
0%
silk
0%
some
0%
Spain,
0%
stove
0%
thrill
0%
through
0%
titties
0%
Tokyo,
0%
train,
0%
Triple
0%
triple
0%
Versace
0%
weigh
0%
weight,
0%
whippin'
0%
wish,
0%
wish
0%
work?
0%
work
0%
workin'
0%
No matching quizzes found
Score Distribution
Percent of People with Each Score
Percentile by Number Answered
Your Score History
You have not taken this quiz since the last reset